[Event "Wiesbaden op 28th"]
[Site "Wiesbaden"]
[Date "2016.08.28"]
[Round "7"]
[White "Lehmann, Wolfgang"]
[Black "Reinecke, Alexander"]
[Result "1-0"]
[WhiteElo "1585"]
[BlackElo "1118"]
[PlyCount "37"]
[EventDate "2016.08.25"]
[EventType "swiss"]
[EventRounds "7"]
[EventCountry "GER"]
[SourceTitle "CBM 174 Extra"]
[Source "ChessBase"]
[SourceDate "2016.10.10"]
[SourceVersion "1"]
[SourceVersionDate "2016.10.10"]
[SourceQuality "1"]

1. d4 d5 2. Nf3 Nf6 3. Bf4 Bf5 4. e3 e6 5. Bd3 Bxd3 6. cxd3 Bb4+ 7. Nbd2 0-0 8. 0-0 Nbd7 9. Rc1 c6 10. Qb3 Qa5 11. Rfd1 h6 12. h3 Rac8 13. a3 Be7 14. Qxb7 Qb6 15. Qxb6 Nxb6 16. Ne5 Na4 17. b4 Bd6 18. Nxc6 Bxf4 19. Ne7+ 1-0

[Event "Wiesbaden op 28th"]
[Site "Wiesbaden"]
[Date "2016.08.27"]
[Round "4"]
[White "Reinecke, Alexander"]
[Black "Viol, Julius"]
[Result "0-1"]
[WhiteElo "1118"]
[BlackElo "1586"]
[PlyCount "86"]
[EventDate "2016.08.25"]
[EventType "swiss"]
[EventRounds "7"]
[EventCountry "GER"]
[SourceTitle "CBM 174 Extra"]
[Source "ChessBase"]
[SourceDate "2016.10.10"]
[SourceVersion "1"]
[SourceVersionDate "2016.10.10"]
[SourceQuality "1"]

1. e4 c5 2. Nf3 d6 3. d4 cxd4 4. Nxd4 Nf6 5. Nc3 a6 6. Bc4 e6 7. Be3 Be7 8. Qe2 b5 9. Bd3 e5 10. Nf5 Bxf5 11. exf5 d5 12. Bg5 e4 13. Bxf6 Bxf6 14. Nxe4 dxe4 15. Qxe4+ Qe7 16. Qxe7+ Bxe7 17. 0-0 0-0 18. Rfe1 Bf6 19. c3 Nd7 20. Rad1 Nc5 21. Bc2 Rad8 22. g3 Rxd1 23. Rxd1 Rd8 24. Rxd8+ Bxd8 25. b3 Kf8 26. Kg2 Ke7 27. Kf3 Kf6 28. Ke3 Bb6 29. Ke2 Ke5 30. f3 Nb7 31. Be4 Nd6 32. Kd3 Nxe4 33. fxe4 Bg1 34. h3 Bf2 35. g4 Kf4 36. c4 f6 37. b4 bxc4+ 38. Kxc4 Kg3 39. b5 axb5+ 40. Kxb5 Kxh3 41. a4 Kxg4 42. a5 Kf4 43. a6 h5 0-1

[Event "Hessen-ch U10"]
[Site "Bad Homburg"]
[Date "2015.03.29"]
[Round "7"]
[White "Lehmann, Nils"]
[Black "Reinecke, Alexander"]
[Result "1-0"]
[WhiteElo "1426"]
[BlackElo "932"]
[PlyCount "93"]
[EventDate "2015.03.27"]
[EventType "swiss"]
[EventRounds "7"]
[EventCountry "GER"]
[SourceTitle "EXT 2017"]
[Source "ChessBase"]
[SourceDate "2016.10.25"]
[SourceVersion "1"]
[SourceVersionDate "2016.10.25"]
[SourceQuality "1"]

1. e4 c5 2. Nf3 d6 3. Bc4 Nf6 4. Nc3 g6 5. d3 Bg7 6. Bg5 0-0 7. Qc1 Nc6 8. Bh6 Bd7 9. Bxg7 Kxg7 10. 0-0 Nd4 11. Nxd4 cxd4 12. Ne2 e5 13. c3 dxc3 14. Nxc3 Be6 15. Bxe6 fxe6 16. f4 Qb6+ 17. Kh1 Ng4 18. Qd2 exf4 19. h3 Ne3 20. Rf3 h5 21. Ne2 e5 22. Nc3 g5 23. Na4 Qd4 24. Nc3 g4 25. Rf2 f3 26. gxf3 gxf3 27. Rg1+ Kh7 28. Rg3 h4 29. Rgxf3 Rxf3 30. Rxf3 Ng2 31. Qxg2 Rg8 32. Qf2 Rg3 33. Qxd4 exd4 34. Rxg3 hxg3 35. Ne2 Kg6 36. Nxg3 Kf6 37. Nf5 Ke6 38. Nxd4+ Ke5 39. Nf5 Ke6 40. Kg2 d5 41. h4 dxe4 42. dxe4 Kf6 43. h5 Kf7 44. Nd6+ Kg7 45. e5 Kf8 46. h6 Kg8 47. Nxb7 1-0

[Event "Hessen-ch U10"]
[Site "Bad Homburg"]
[Date "2015.03.27"]
[Round "1"]
[White "Hager, Gideon"]
[Black "Reinecke, Alexander"]
[Result "0-1"]
[WhiteElo "766"]
[BlackElo "932"]
[PlyCount "44"]
[EventDate "2015.03.27"]
[EventType "swiss"]
[EventRounds "7"]
[EventCountry "GER"]
[SourceTitle "EXT 2017"]
[Source "ChessBase"]
[SourceDate "2016.10.25"]
[SourceVersion "1"]
[SourceVersionDate "2016.10.25"]
[SourceQuality "1"]

1. c4 e5 2. Nc3 Nc6 3. Nf3 Nf6 4. g3 d5 5. cxd5 Nxd5 6. Nxd5 Qxd5 7. Bg2 Nd4 8. b3 Bd6 9. Bb2 0-0 10. Bxd4 exd4 11. 0-0 Be6 12. Re1 b6 13. e4 dxe3 14. dxe3 Qxd1 15. Raxd1 Rad8 16. Nd4 Bc5 17. Nxe6 Rxd1 18. Rxd1 fxe6 19. Rd7 Bd6 20. Bh3 Re8 21. Kg2 h5 22. g4 hxg4 0-1

[Event "GER-chT U10"]
[Site "Magdeburg"]
[Date "2014.12.29"]
[Round "7.3"]
[White "Reinecke, Alexander"]
[Black "Muehl, Sophia"]
[Result "1/2-1/2"]
[WhiteElo "951"]
[BlackElo "600"]
[PlyCount "142"]
[EventDate "2014.12.27"]
[EventType "team-swiss"]
[EventRounds "7"]
[EventCountry "GER"]
[SourceTitle "EXT 2016"]
[Source "ChessBase"]
[SourceDate "2015.10.08"]
[SourceVersion "1"]
[SourceVersionDate "2015.10.08"]
[SourceQuality "1"]
[WhiteTeam "Langen"]
[BlackTeam "Raesfeld Erle"]
[WhiteTeamCountry "GER"]
[BlackTeamCountry "GER"]

1. e4 e5 2. Nf3 Nc6 3. Nc3 Bc5 4. Bc4 Nf6 5. 0-0 d6 6. d3 Bg4 7. Bg5 Nd4 8. Nd5 h6 9. Bxf6 gxf6 10. c3 Nxf3+ 11. gxf3 Bh3 12. Re1 c6 13. Ne3 Bxe3 14. Rxe3 Rg8+ 15. Kh1 Bg2+ 16. Kg1 Bxf3+ 17. Kf1 Bxd1 18. Rxd1 d5 19. exd5 cxd5 20. Bb5+ Ke7 21. d4 a6 22. Be2 Qf8 23. dxe5 Kd8 24. exf6 Rg6 25. Rxd5+ Kc8 26. Rf3 Qe8 27. Rg3 Rxg3 28. hxg3 Kc7 29. Bf3 Z0 30. b4 Qe6 31. Rc5+ Kb6 32. a4 Qxf6 33. Rd5 Qxf3 34. Rd6+ Ka7 35. Rxh6 Re8 36. b5 Qxc3 37. bxa6 bxa6 38. Rh7 Qa1+ 39. Kg2 Re7 40. Rh5 Re1 41. Rh7 Rg1+ 42. Kf3 Qf6+ 43. Ke3 Kb6 44. a5+ Kxa5 45. Rh5+ Ka4 46. Rh4+ Ka3 47. Rd4 Re1+ 48. Kd3 Qxf2 49. Kc4 Qc2+ 50. Kd5 Rd1 51. Rxd1 Qxd1+ 52. Ke5 f6+ 53. Kxf6 Qd5 54. g4 Qd6+ 55. Kf5 Qd7+ 56. Kf4 Qxg4+ 57. Kxg4 a5 58. Kf3 Kb4 59. Ke3 a4 60. Kd2 Ka3 61. Kc1 Ka2 62. Kc2 Ka1 63. Kc1 a3 64. Kc2 Ka2 65. Kc1 Kb3 66. Kb1 Ka4 67. Ka2 Kb4 68. Ka1 Kb3 69. Kb1 Kb4 70. Ka2 Ka4 71. Ka1 Kb3 1/2-1/2

[Event "Hessen-ch U10"]
[Site "Bad Homburg"]
[Date "2013.??.??"]
[Round "1"]
[White "Reinecke, Alexander"]
[Black "Lesny, Florian"]
[Result "0-1"]
[WhiteElo "811"]
[BlackElo "1065"]
[PlyCount "44"]
[EventDate "2013.03.??"]
[EventType "swiss"]
[EventRounds "9"]
[EventCountry "GER"]
[SourceTitle "EXT 2014"]
[Source "ChessBase"]
[SourceDate "2013.11.20"]
[SourceVersion "1"]
[SourceVersionDate "2013.11.20"]
[SourceQuality "1"]

1. e4 e5 2. Nf3 Nc6 3. Nc3 Nf6 4. Bc4 Bc5 5. 0-0 d6 6. d3 Bg4 7. h3 Bh5 8. Bg5 Nd4 9. g4 Bg6 10. Nxd4 Bxd4 11. Nd5 h6 12. Bh4 c6 13. Nxf6+ gxf6 14. Qf3 Rg8 15. Bxf6 Qd7 16. c3 Bb6 17. a4 h5 18. g5 Bd8 19. h4 Bxf6 20. gxf6 Bxe4+ 21. Qg2 Rxg2+ 22. Kh1 Qh3# 0-1